Taylor Swift - Christmas Tree Farm (Lyrics) - Statistics

General Stats
  • This quiz has been taken 356 times
    289 since last reset
  • The average score is 218 of 286
Answer Stats
Answer % Correct
a
98%
Christmas
98%
I
98%
"I
98%
tree
98%
farm
97%
My
96%
my
96%
the
96%
and
94%
And
94%
is
93%
To
91%
to
91%
heart
90%
would
90%
you
90%
you"
90%
You
90%
In
89%
in
89%
Where
89%
be
88%
there
88%
under
87%
Under
87%
when
87%
are
86%
come
86%
light
86%
love
86%
people
86%
every
83%
me,
83%
me
83%
of
83%
mistletoe
80%
Just
79%
just
79%
too
78%
dance
77%
fire
77%
blue
76%
that
75%
dreams
74%
everything
74%
glow
74%
holly
74%
up
74%
forgiven
72%
icy
72%
Watching
72%
your
72%
little
71%
Sweet
71%
telling
71%
lights
70%
back
69%
holiday
69%
nights
69%
true
69%
winter
69%
arms
67%
by
67%
I'm
67%
like
67%
Mistakes
67%
shopping
67%
Takes
67%
wish
67%
magic
64%
ribbon
64%
sparkling
64%
their
64%
traffic
64%
We'd
64%
comes
63%
tonight
63%
being
62%
But
62%
static
62%
wanna
62%
coats
61%
eyes
61%
Merry
61%
Stress
60%
There's
60%
mittens
59%
Baby,
58%
baby,
58%
close
58%
taken
57%
else
56%
Bundled
55%
somewhere
54%
barn
53%
snow
53%
cider
52%
flow
52%
we're
52%
home
51%
warm
50%
remind
49%
They
49%
see
48%
alone
47%
from
45%
cold
44%
feeling
44%
pretend
43%
world
43%
isn't
42%
out
42%
blanket
41%
fair
41%
kids
41%
safe
41%
they're
41%
run
39%
dreaming
37%
inside
34%
town,
34%
sleighs
31%
wake
30%
May
13%
No matching quizzes found
Score Distribution
Percent of People with Each Score
Percentile by Number Answered
Your Score History
You have not taken this quiz since the last reset